|
|
|
|
| LEADER |
00000cam a2200000 7i4500 |
| 001 |
0000014430 |
| 005 |
20080229.0 |
| 008 |
080229 |
| 020 |
|
|
|a 9833372910
|
| 090 |
0 |
0 |
|a 658.4093
|b AHM
|
| 100 |
0 |
|
|a Ahmad Fadzli Yusof
|
| 245 |
1 |
0 |
|a Sibuk ataupun penyibuk?
|c Ahmad Fadzli Yusof
|
| 260 |
|
|
|a Pahang :
|b PTS publications&distributors ,
|c 2006
|
| 440 |
|
|
|a Siri urus diri
|
| 650 |
|
0 |
|a Time management
|
| 999 |
|
|
|a 0001013720
|b Book
|c Adult Collection
|e Cawangan Urban Transformation Centre
|
| 999 |
|
|
|a 0001013722
|b Book
|c Adult Collection
|e Cawangan Urban Transformation Centre
|
| 999 |
|
|
|a 0001013723
|b Book
|c Adult Collection
|e Perbadanan Perpustakaan Awam Johor
|
| 999 |
|
|
|a 0001013724
|b Book
|c Adult Collection
|e Perbadanan Perpustakaan Awam Johor
|
| 999 |
|
|
|a 0001225701
|b Book
|c Adult Collection
|e Cawangan Pontian
|
| 999 |
|
|
|a 0001225702
|b Book
|c Adult Collection
|e Cawangan Tmn. Ungku Tun Aminah
|
| 999 |
|
|
|a 0001225703
|b Book
|c Adult Collection
|e Cawangan Bandar Penawar
|
| 999 |
|
|
|a 0001225705
|b Book
|c Adult Collection
|e Cawangan Tangkak
|
| 999 |
|
|
|a 0001225706
|b Book
|c Adult Collection
|e Cawangan Bukit Gambir
|
| 999 |
|
|
|a 0001225709
|b Book
|c Adult Collection
|e Cawangan Muar
|
| 999 |
|
|
|a 0001225710
|b Book
|c Adult Collection
|e Cawangan Mersing
|
| 999 |
|
|
|a 0001225711
|b Book
|c Adult Collection
|e Cawangan Mersing
|
| 999 |
|
|
|a 0001225712
|b Book
|c Adult Collection
|e Cawangan Bandar Tenggara
|
| 999 |
|
|
|a 0001225713
|b Book
|c Adult Collection
|e Cawangan Segamat
|